000 01629nam a2200409 a 4500
001 ebr10670997
003 CaPaEBR
006 m u
007 cr cn|||||||||
008 090804s2010 nyu sb 001 0deng d
010 _z 2009031976
020 _z9781607411109 (hardcover)
020 _z9781614703136 (e-book)
040 _aCaPaEBR
_cCaPaEBR
035 _a(OCoLC)847625133
043 _an-us---
050 1 4 _aJK468.S4
_bM57 2010eb
082 0 4 _a355.4/1
_222
245 0 0 _aMisleading information from the battlefield
_h[electronic resource] /
_cGene P. Stewart, editor.
260 _aHauppauge, N.Y. :
_bNova Science Publishers,
_c2010.
300 _aix, 159 p.
490 1 _aDefense, security and strategy series
504 _aIncludes bibliographic references and index.
533 _aElectronic reproduction.
_bPalo Alto, Calif. :
_cebrary,
_d2013.
_nAvailable via World Wide Web.
_nAccess may be limited to ebrary affiliated libraries.
600 1 0 _aTillman, Pat,
_d1976-2004.
600 1 0 _aLynch, Jessica,
_d1983-
650 0 _aDisclosure of information
_xGovernment policy
_zUnited States.
650 0 _aGovernmental investigations
_zUnited States.
650 0 _aDeception
_xPolitical aspects
_zUnited States.
650 0 _aAfghan War, 2001
_xDeception.
650 0 _aIraq War, 2003-2011
_xDeception.
655 7 _aElectronic books.
_2local
700 1 _aStewart, Gene P.
710 2 _aebrary, Inc.
830 0 _aDefense, security and strategy series.
856 4 0 _uhttp://site.ebrary.com/lib/rucke/Doc?id=10670997
_zAn electronic book accessible through the World Wide Web; click to view
999 _c161963
_d161963